Kierowcy F1 2021 - Statystyki

Ogólne statystyki
  • Ten quiz został rozwiązany 14 razy
  • Średni wynik to 18 z 21
Statystyki odpowiedzi
Zespół Kraj Kierowca % Poprawnych
Mercedes 🇬🇧 Hamilton
100%
Aston Martin 🇪🇸 Alonso
92%
Mercedes 🇫🇮 Bottas
92%
Alfa Romeo 🇵🇱 Kubica
92%
Ferrari 🇮🇩 Leclerc
92%
McLaren 🇬🇧 Norris
92%
Red Bull 🇲🇽 Perez
92%
McLaren 🇦🇺 Ricciardo
92%
Williams 🇬🇧 Russell
92%
Ferrari 🇪🇸 Sainz
92%
Aston Martin 🇨🇦 Stroll
92%
Alphatauri 🇯🇵 Tsunoda
92%
Red Bull 🇳🇱 Verstappen
92%
Aston Martin 🇩🇪 Vettel
92%
Alphatauri 🇫🇷 Gasly
83%
Haas 🇷🇺 Mazepin
83%
Aston Martin 🇫🇷 Ocon
83%
Alfa Romeo 🇫🇮 Raikkonen
83%
Alfa Romeo 🇮🇹 Giovinazzi
75%
Williams 🇨🇦 Latifi
75%
Haas 🇩🇪 Schumacher
67%
Nie znaleziono quizów pasujących do podanych kryteriów
Rozkład punktacji
Procent ludzi z każdym wynikiem
Percentyl według liczby udzielonych odpowiedzi
Twoja historia wyników
Nie rozwiązałeś tego quizu